An equitable allocation of the Constituency Development Fund (Record no. 62777)

MARC details
000 -LEADER
fixed length control field 00960nam a2200181 a 4500
008 - FIXED-LENGTH DATA ELEMENTS--GENERAL INFORMATION
fixed length control field 150917s2013 ||||||||||||||||| || u
050 ## - LIBRARY OF CONGRESS CALL NUMBER
Classification number ZIPAR(05)PB/2013/11A
100 ## - MAIN ENTRY--PERSONAL NAME
Personal name Kakungu, Frank
245 13 - TITLE STATEMENT
Title An equitable allocation of the Constituency Development Fund
Statement of responsibility, etc. By Frank Kakungu
260 ## - PUBLICATION, DISTRIBUTION, ETC.
Place of publication, distribution, etc. Lusaka:
Name of publisher, distributor, etc. Zambia Institute for Policy Analysis and Research (ZIPAR)
Date of publication, distribution, etc. 2013
300 ## - PHYSICAL DESCRIPTION
Extent [4p.]: ill.
500 ## - GENERAL NOTE
General note Based on the ZIPAR working paper "The resource allocation model for constituency development fund".
650 ## - SUBJECT ADDED ENTRY--TOPICAL TERM
Topical term or geographic name entry element INCOME DISTRIBUTION --CONSTITUENCES--ZAMBIA
650 ## - SUBJECT ADDED ENTRY--TOPICAL TERM
Topical term or geographic name entry element FUNDS MANAGEMENT--GOVERNMENT MINISTRIES--ZAMBIA
650 ## - SUBJECT ADDED ENTRY--TOPICAL TERM
Topical term or geographic name entry element POLICY ANALYSIS--ZAMBIA
995 ## -
-- SPECIAL COLLECTIONS
-- 2042
-- CBU-MAIN LIBRARY (Kitwe)
-- ZIPAR(05)PB/2013/11A
-- 1
-- AVAILABLE
-- Sep 17, 2015
-- B2042
-- Zambiana Collection
995 ## -
-- SPECIAL COLLECTIONS
-- 2043
-- CBU-MAIN LIBRARY (Kitwe)
-- ZIPAR(05)PB/2013/11B
-- 2
-- AVAILABLE
-- Sep 17, 2015
-- B2043
-- Zambiana Collection
999 ## -
-- 62777
-- 62777
Holdings
Withdrawn status Lost status Source of classification or shelving scheme Damaged status Not for loan Permanent Location Current Location Shelving location Date acquired Total Checkouts Full call number Barcode Date last seen Price effective from Koha item type
          CBU-MAIN LIBRARY, KITWE. CBU-MAIN LIBRARY, KITWE.   12/16/2022   ZIPAR(05)PB/2013/11A B2042 12/16/2022 12/16/2022 MONOGRAPH
          CBU-MAIN LIBRARY, KITWE. CBU-MAIN LIBRARY, KITWE.   12/16/2022   ZIPAR(05)PB/2013/11A B2043 12/16/2022 12/16/2022 MONOGRAPH